South Eastern Kenya University

Library Online Public Access Catalogue


The eruption of Soufriere Hills volcano, Montserrat from 1995 to 1999 / (Record no. 17091)

MARC details
000 -LEADER
fixed length control field 00775nam a22002537a 4500
003 - CONTROL NUMBER IDENTIFIER
control field OSt
005 - DATE AND TIME OF LATEST TRANSACTION
control field 20181101101300.0
008 - FIXED-LENGTH DATA ELEMENTS--GENERAL INFORMATION
fixed length control field 181101b ||||| |||| 00| 0 eng d
020 ## - INTERNATIONAL STANDARD BOOK NUMBER
International Standard Book Number 9781862390980
020 ## - INTERNATIONAL STANDARD BOOK NUMBER
International Standard Book Number 1862390983
040 ## - CATALOGING SOURCE
Original cataloging agency SEKU
050 ## - LIBRARY OF CONGRESS CALL NUMBER
Classification number QE 523 .S68
Item number D75
100 ## - MAIN ENTRY--PERSONAL NAME
Personal name Druitt, T.H.
245 ## - TITLE STATEMENT
Title The eruption of Soufriere Hills volcano, Montserrat from 1995 to 1999 /
Statement of responsibility, etc. Edited by T. H. Druitt and B. P. Kokelaar.
260 ## - PUBLICATION, DISTRIBUTION, ETC. (IMPRINT)
Place of publication, distribution, etc. London :
Name of publisher, distributor, etc. The Geological Society of London,
Date of publication, distribution, etc. 2002.
300 ## - PHYSICAL DESCRIPTION
Extent 645 p. :
Other physical details ill.
504 ## - BIBLIOGRAPHY, ETC. NOTE
Bibliography, etc Includes bibliographic references and index.
650 ## - SUBJECT ADDED ENTRY--TOPICAL TERM
Topical term or geographic name as entry element Volcanism
650 ## - SUBJECT ADDED ENTRY--TOPICAL TERM
Topical term or geographic name as entry element Volcanoes
650 ## - SUBJECT ADDED ENTRY--TOPICAL TERM
Topical term or geographic name as entry element Montserrat--Soufrière Hills Volcano
650 ## - SUBJECT ADDED ENTRY--TOPICAL TERM
Topical term or geographic name as entry element Montserrat
700 ## - ADDED ENTRY--PERSONAL NAME
Personal name Kokelaar, B. P.
942 ## - ADDED ENTRY ELEMENTS (KOHA)
Source of classification or shelving scheme Library of Congress Classification
Koha item type General circulation
Holdings
Withdrawn status Lost status Source of classification or shelving scheme Damaged status Not for loan Home library Current library Shelving location Date acquired Source of acquisition Total Checkouts Full call number Barcode Date last seen Price effective from Koha item type
    Library of Congress Classification     Main Campus Library Main Campus Library General Stacks 01/11/2018 Donation- Book Aid   QE 523 .S68 D75 2018/020866 01/11/2018 01/11/2018 General circulation
Kitui, Kenya.
+254736116989
library@seku.ac.ke